000 01158cab a2200301 4500
001 E2789
008 090401t1997 xxu||||| |||| 00| 0 eng d
035 _a(Sirsi) u40977
041 _aeng
100 _aStrang, J
245 _aRegulating construction contracts
260 _c1997
350 _a0
490 _aJournal of the Law Society of Scotland
_v42(1) January 1997 28-30 (3)
520 _aOutlines the provisions of the Housing, Grants, Construction and Regeneration Act 1996.
650 _aMANAGEMENT-DISPUTE AVOIDANCE, MANAGEMENT AND RESOLUTION-DISPUTE MANAGEMENT AND RESOLUTION-ALTERNATIVE DISPUTE RESOLUTION-ADJUDICATION
650 _aMANAGEMENT-DISPUTE AVOIDANCE, MANAGEMENT AND RESOLUTION-DISPUTE MANAGEMENT AND RESOLUTION-ARBITRATION
650 _aBUILT ENVIRONMENT-BUILDING CONTRACT FORMS
650 _aCONTRACT DISPUTES
650 _aHOUSING GRANTS CONSTRUCTION AND REGENERATION ACT 1996
650 _aLATHAM REFORMS
650 _aPRIVATE FINANCE INITIATIVE
650 _aSCHEME FOR CONSTRUCTION CONTRACTS
690 _aBUILT ENVIRONMENT-BUILDING CONTRACT FORMS
690 _aLAW
942 _n0
948 _c04/03/1997
999 _c26290
_d26290